The Most Popular Animals in 2024 - Statistics

General Stats
  • This quiz has been taken 34 times
  • The average score is 4 of 10
Answer Stats
Place Answer % Correct
1st Dogs
69%
5th Fish
69%
2nd Cats
66%
4th Horses
38%
7th Birds
34%
9th Lions
31%
8th Sharks
28%
6th Bears
24%
3rd Chickens
21%
10th Monkeys
10%
No matching quizzes found
Score Distribution
Percent of People with Each Score
Percentile by Number Answered
Your Score History
You have not taken this quiz